De officiis Marci Tullii Ciceronis libri tres : Item, De amicitia: De senectute: Paradoxa: & De somnio Scipionis. Cum D. Erasmi Roterodami, Philippi Melancthonis, ac Bartholomai Latomi annotationibus. Omnia, variis atque optimis quibusque collatis exemplaribus, diligentissimè castigata.

Bibliographic Details
Main Author: Cicero, Marcus Tullius
Other Authors: Erasmus, Desiderius, d. 1536, Melanchthon, Philip, 1497-1560, Latomus, Bartholomaeus, 1485?-1570
Format: eBook
Language:Latin
Published: Londini : Ex typographia viduæ Georgii Robinsoni, M.D.LXXXVII [1587]
Series:Early English books online.
Online Access:Connect to the full text of this electronic book

MARC

Tag First Indicator Second Indicator Subfields
LEADER 00000cam a2200000 4500
001 in00004216721
005 20210327063508.0
006 m g d
007 cr bn |||a|bb|
008 920501s1587 enk o 00| | lat d
035 |a (UnM)99852439 
037 |a CL0036000045  |b ProQuest. 789 E. Eisenhower Parkway, Ann Arbor, MI 48108-3218 
040 |a Cu-RivES  |c Cu-RivES  |d CStRLIN  |e dcrb  |d WaOLN 
100 1 |a Cicero, Marcus Tullius. 
240 1 0 |a Selections 
245 0 0 |a De officiis Marci Tullii Ciceronis libri tres :  |b Item, De amicitia: De senectute: Paradoxa: & De somnio Scipionis. Cum D. Erasmi Roterodami, Philippi Melancthonis, ac Bartholomai Latomi annotationibus. Omnia, variis atque optimis quibusque collatis exemplaribus, diligentissimè castigata. 
246 2 |a De officiis Marci Tullii Ciceronis libri tres. Item, De amicitia: De senectute: Paradoxa: & De somnio Scipionis. Doctissimorum Virorum annotationes, quibus in his loci obscuriores explicantur. 
260 |a Londini :  |b Ex typographia viduæ Georgii Robinsoni,  |c M.D.LXXXVII [1587] 
300 |a 1 online resource ([70], 302 pages) 
336 |a text  |b txt  |2 rdacontent 
337 |a computer  |b c  |2 rdamedia 
338 |a online resource  |b cr  |2 rdacarrier 
500 |a "De officiis Marci Tullii Ciceronis libri tres. Item, De amicitia: De senectute: Paradoxa: & De somnio Scipionis. Doctissimorum Virorum annotationes, quibus in his loci obscuriores explicantur. .." has separate dated title page and pagination; register is continuous. 
500 |a Reprints STC 5265.8. 
500 |a In some later editions, "Latomi" is corrupted to "Latini" --STC. 
500 |a Reproduction of original in the University of Illinois (Urbana-Champaign Campus). Library. 
510 4 |a STC (2nd edition)  |c 5266.5. 
533 |a Electronic reproduction.  |b Ann Arbor, Mich. :  |c UMI,  |d 1999-  |f (Early English books online)  |n Digital version of: (Early English books, 1475-1640 ; 1599:15)  |7 s1999 miun s 
700 1 |a Erasmus, Desiderius,  |d d. 1536. 
700 1 |a Melanchthon, Philip,  |d 1497-1560. 
700 1 |a Latomus, Bartholomaeus,  |d 1485?-1570. 
830 0 |a Early English books online. 
856 4 0 |u http://proxy.library.tamu.edu/login?url=https://search.proquest.com/docview/2248543754  |z Connect to the full text of this electronic book  |t 0 
999 f f |s e81eb07a-8c46-300a-b357-19da722d9798  |i ce1be2e1-c3fc-39b5-821e-8ce54c0c1834  |t 0 
952 f f |a Texas A&M University  |b College Station  |c Electronic Resources  |d Available Online  |t 0  |h No information provided 
998 f f |t 0  |l Available Online